00701nam a2200241 a 4500001001000000003000500010005001700015008004100032010001100073011001100084020001800095040000900113082001700122245007300139260005700212300001800269504003300287650002900320650004000349700002200389700002500411700002300436000108326CHAP20220329144008.0140128s2009 nhua |r| |||1|||eng|d a104788 a105760 a9781578085002 cCHAP04a597.138bD4800adevelopment of non teleost fishes /cpor Yvette W. Kunz ...[et al.].3 aEnfield, New Hampshire :bScience Publishers,c2009. a301 p. :bil. aIncluye: Referencias e index14aCondrictiosxDesarrollo.14aRelicto de peces oseosxDesarrollo.1 aKapoor, B.G.eed.1 aKunz, Yvette W.eed.1 aLuer, Carl A.eed.